000 00604nam a2200217 a 4500
999 _c1449
_d1449
003 PK-NaQUE
005 20250925085213.0
008 250925b ||||| |||| 00| 0 eng d
020 _a0415469090 (paperback)
020 _a9780415469098 (paperback)
040 _cQUEST
100 1 _aHencher, Steve.
245 1 0 _aPractical Engineering Geology /
250 _a0th ed.
260 _a[S.l.] :
_bCRC Press,
_c2012.
300 _a464 p. ;
650 _aEngineering geology
650 _aCivil engineering
856 4 0 _uhttp://10.10.170.122:8080/browse/book/13430
_yDownload eBook
942 _cBK
_2ddc